| 000 | 00717nam a2200253Ia 4500 | ||
|---|---|---|---|
| 005 | 20250425162335.0 | ||
| 008 | 250425s9999 xx 000 0 und d | ||
| 041 | _aspa | ||
| 043 | _ack | ||
| 082 | _a378.107 | ||
| 100 | _aDAVILA L, CARLOS DE GUEVARA | ||
| 245 | 0 | _aENSAYOS SOBRE LA EDUCACIÓN EN ADMINISTRACIÓN EN COLOMBIA | |
| 250 | _a1A ED. | ||
| 260 |
_aColombia _bUNIVERSIDAD DE LOS ANDES _c1991 |
||
| 260 |
_aS.L. _bUNIVERSIDAD DE LOS ANDES |
||
| 300 | _a110 | ||
| 500 | _aSERIE EDUCACION Y ADMINISTRACION | ||
| 650 | _aESTUDIOS SUPERIORES | ||
| 650 | _aTECNICAS DE INVESTIGACION | ||
| 650 | _aUNIVERSIDAD-COLOMBIA | ||
| 710 | _aUNIVERSIDAD DE LOS ANGELES | ||
| 942 | _c01 | ||
| 010 | _a63896 | ||
| 999 |
_c227232 _d227232 |
||